000 00505cam a22001097a 4500
008 180718b1955 xxu||||| |||| 00| 0 eng d
082 _aB7303x5444 A/M
100 _aMysore. Legislative Department
245 _aThe Mysore city municipalities act, 1933 (Mysore act no. VII of 1933) (as amended by acts I and III of 1938, XXI of 1939, VII and XXVI of 1940, IX, XI, XXXII, XXXIV and XXXV of 1943, XIII and XVI of 1950, XXXVI of 1951 and 19 of 1954)
260 _aBangalore
_bThe author
_c1955
300 _a209+p.
999 _c392550
_d392550